Esta cara de la luna
Uloženo v:
| Hlavní autor: | |
|---|---|
| Médium: | Kniha |
| Jazyk: | španělština |
| Vydáno: |
Barcelona
Seix Barral
1970
|
| Edice: | Biblioteca Breve. Libros de Enlace, 73
|
| Témata: | |
| Tagy: |
Přidat tag
Žádné tagy, Buďte první, kdo vytvoří štítek k tomuto záznamu!
|
MARC
| LEADER | 00000nam a2200000 a 4500 | ||
|---|---|---|---|
| 001 | UCQ5664 | ||
| 003 | CL-VaPUC | ||
| 008 | 981002e19700000SP |||||||||||||||||spa|d | ||
| 082 | 0 | 4 | |a 863 |b MAR |2 21 |
| 100 | |a Marsé, Juan |e autor |9 453927 | ||
| 245 | 1 | 0 | |a Esta cara de la luna |
| 300 | |a 272 p | ||
| 942 | |c BK | ||
| 945 | |d 19981002 00:00:00 |a crobeson | ||
| 260 | |a Barcelona |b Seix Barral |c 1970 | ||
| 650 | 0 | |a Novelas españolas |9 265052 | |
| 650 | 0 | |a Literatura española |9 306261 | |
| 583 | |a last modification |c 19981002 00:00:00 |k Rodrigo Vera | ||
| 490 | 0 | |a Biblioteca Breve. Libros de Enlace, 73 | |
| 999 | |c 275869 |d 275867 | ||
| 952 | |0 0 |1 0 |4 0 |6 863_000000000000000_MAR_1970 |7 0 |8 A |9 312725 |a BIBEDU |b BIBEDU |d 2019-11-20 |i 1475738 |o 863 MAR 1970 |p 1475738 |r 2019-11-20 |w 2019-11-20 |y BK |k LIT | ||